所有中国优秀旅游城市(城市点位地图版) - Statistics

General Stats
  • This quiz has been taken 26 times
  • The average score is 214 of 339
Answers on the Map
Answers color-coded by a green-red scale on the quiz's map according to % correct below.
 
Answer Stats
省级行政区 城市 % Correct
山西省 太原市
94%
山西省 大同市
94%
内蒙古自治区 鄂尔多斯市
94%
陕西省 延安市
94%
青海省 西宁市
94%
宁夏回族自治区 银川市
94%
直辖市 北京市
89%
直辖市 天津市
89%
河北省 石家庄市
89%
河北省 秦皇岛市
89%
河北省 廊坊市
89%
内蒙古自治区 呼和浩特市
89%
内蒙古自治区 包头市
89%
辽宁省 大连市
89%
辽宁省 葫芦岛市
89%
山东省 东营市
89%
西藏自治区 拉萨市
89%
陕西省 西安市
89%
陕西省 宝鸡市
89%
陕西省 咸阳市
89%
甘肃省 兰州市
89%
甘肃省 敦煌市
89%
河北省 唐山市
83%
河北省 邯郸市
83%
内蒙古自治区 通辽市
83%
内蒙古自治区 呼伦贝尔市
83%
辽宁省 沈阳市
83%
辽宁省 鞍山市
83%
辽宁省 抚顺市
83%
辽宁省 本溪市
83%
辽宁省 丹东市
83%
辽宁省 辽阳市
83%
辽宁省 铁岭市
83%
辽宁省 朝阳市
83%
吉林省 长春市
83%
吉林省 吉林市
83%
黑龙江省 哈尔滨市
83%
黑龙江省 黑河市
83%
直辖市 上海市
83%
山东省 青岛市
83%
山东省 淄博市
83%
山东省 烟台市
83%
山东省 潍坊市
83%
山东省 泰安市
83%
山东省 威海市
83%
山东省 菏泽市
83%
湖北省 宜昌市
83%
四川省 成都市
83%
云南省 昆明市
83%
陕西省 汉中市
83%
甘肃省 嘉峪关市
83%
甘肃省 天水市
83%
甘肃省 武威市
83%
甘肃省 张掖市
83%
甘肃省 酒泉市
83%
新疆维吾尔自治区 乌鲁木齐市
83%
新疆维吾尔自治区 吐鲁番市
83%
河北省 保定市
78%
河北省 承德市
78%
山西省 晋城市
78%
内蒙古自治区 赤峰市
78%
内蒙古自治区 满洲里市
78%
辽宁省 锦州市
78%
辽宁省 营口市
78%
辽宁省 阜新市
78%
辽宁省 盘锦市
78%
吉林省 延吉市
78%
黑龙江省 大庆市
78%
江苏省 南京市
78%
江苏省 无锡市
78%
江苏省 常州市
78%
江苏省 苏州市
78%
江苏省 南通市
78%
江苏省 淮安市
78%
江苏省 扬州市
78%
江苏省 镇江市
78%
江苏省 泰州市
78%
江苏省 宿迁市
78%
江苏省 常熟市
78%
江苏省 昆山市
78%
浙江省 杭州市
78%
浙江省 宁波市
78%
浙江省 嘉兴市
78%
浙江省 金华市
78%
浙江省 舟山市
78%
浙江省 台州市
78%
浙江省 义乌市
78%
安徽省 合肥市
78%
安徽省 芜湖市
78%
安徽省 马鞍山市
78%
安徽省 黄山市
78%
山东省 济南市
78%
山东省 枣庄市
78%
山东省 济宁市
78%
山东省 日照市
78%
山东省 临沂市
78%
山东省 德州市
78%
山东省 聊城市
78%
山东省 滨州市
78%
河南省 安阳市
78%
四川省 乐山市
78%
四川省 宜宾市
78%
贵州省 遵义市
78%
云南省 大理市
78%
甘肃省 平凉市
78%
新疆维吾尔自治区 哈密市
78%
新疆维吾尔自治区 喀什市
78%
新疆维吾尔自治区 阿勒泰市
78%
黑龙江省 齐齐哈尔市
72%
黑龙江省 牡丹江市
72%
江苏省 徐州市
72%
江苏省 连云港市
72%
江苏省 盐城市
72%
江苏省 宜兴市
72%
江苏省 张家港市
72%
浙江省 温州市
72%
浙江省 湖州市
72%
浙江省 绍兴市
72%
浙江省 衢州市
72%
浙江省 丽水市
72%
安徽省 淮南市
72%
安徽省 安庆市
72%
安徽省 亳州市
72%
安徽省 池州市
72%
福建省 福州市
72%
福建省 厦门市
72%
福建省 漳州市
72%
江西省 南昌市
72%
江西省 景德镇市
72%
江西省 鹰潭市
72%
山东省 蓬莱区
72%
河南省 郑州市
72%
河南省 洛阳市
72%
河南省 三门峡市
72%
河南省 南阳市
72%
河南省 商丘市
72%
河南省 信阳市
72%
湖南省 长沙市
72%
湖南省 湘潭市
72%
湖南省 岳阳市
72%
广东省 广州市
72%
广东省 深圳市
72%
广东省 珠海市
72%
广东省 汕头市
72%
广东省 佛山市
72%
广东省 茂名市
72%
广东省 惠州市
72%
广东省 东莞市
72%
广东省 中山市
72%
广西壮族自治区 南宁市
72%
广西壮族自治区 梧州市
72%
广西壮族自治区 北海市
72%
直辖市 重庆市
72%
四川省 自贡市
72%
四川省 攀枝花市
72%
四川省 泸州市
72%
四川省 绵阳市
72%
四川省 都江堰市
72%
贵州省 贵阳市
72%
贵州省 安顺市
72%
云南省 丽江市
72%
青海省 格尔木市
72%
新疆维吾尔自治区 克拉玛依市
72%
江苏省 江阴市
67%
江苏省 太仓市
67%
福建省 三明市
67%
福建省 泉州市
67%
江西省 九江市
67%
江西省 赣州市
67%
江西省 上饶市
67%
山东省 曲阜市
67%
河南省 开封市
67%
河南省 平顶山市
67%
河南省 鹤壁市
67%
河南省 新乡市
67%
河南省 濮阳市
67%
河南省 许昌市
67%
河南省 周口市
67%
河南省 驻马店市
67%
河南省 济源市
67%
湖北省 武汉市
67%
湖北省 十堰市
67%
湖北省 孝感市
67%
湖北省 恩施市
67%
湖南省 株洲市
67%
湖南省 张家界市
67%
湖南省 郴州市
67%
广东省 韶关市
67%
广东省 江门市
67%
广东省 湛江市
67%
广东省 梅州市
67%
广东省 阳江市
67%
广东省 清远市
67%
广西壮族自治区 柳州市
67%
广西壮族自治区 钦州市
67%
广西壮族自治区 玉林市
67%
海南省 海口市
67%
海南省 三亚市
67%
海南省 儋州市
67%
四川省 德阳市
67%
四川省 遂宁市
67%
四川省 雅安市
67%
四川省 西昌市
67%
新疆维吾尔自治区 阿克苏市
67%
新疆维吾尔自治区 伊宁市
67%
新疆维吾尔自治区 石河子市
67%
山西省 长治市
61%
黑龙江省 伊春市
61%
江苏省 溧阳市
61%
江苏省 吴中区
61%
浙江省 瑞安市
61%
安徽省 铜陵市
61%
安徽省 宣城市
61%
江西省 吉安市
61%
山东省 即墨区
61%
山东省 青州市
61%
河南省 焦作市
61%
河南省 漯河市
61%
湖北省 鄂州市
61%
湖北省 荆门市
61%
湖北省 荆州市
61%
湖南省 常德市
61%
广东省 肇庆市
61%
广东省 河源市
61%
广东省 潮州市
61%
广西壮族自治区 桂林市
61%
广西壮族自治区 百色市
61%
广西壮族自治区 贺州市
61%
四川省 南充市
61%
贵州省 凯里市
61%
云南省 瑞丽市
61%
新疆维吾尔自治区 库尔勒市
61%
内蒙古自治区 锡林浩特市
56%
江苏省 东台市
56%
江苏省 句容市
56%
浙江省 乐清市
56%
浙江省 东阳市
56%
山东省 莱芜区
56%
山东省 黄岛区
56%
湖北省 襄阳市
56%
湖南省 娄底市
56%
海南省 琼海市
56%
四川省 广元市
56%
四川省 广安市
56%
四川省 峨眉山市
56%
云南省 保山市
56%
云南省 景洪市
56%
云南省 芒市
56%
新疆维吾尔自治区 昌吉市
56%
河北省 涿州市
50%
内蒙古自治区 扎兰屯市
50%
内蒙古自治区 阿尔山市
50%
江苏省 邳州市
50%
江苏省 吴江区
50%
江苏省 如皋市
50%
江苏省 大丰区
50%
浙江省 建德市
50%
浙江省 余姚市
50%
浙江省 海宁市
50%
福建省 武夷山市
50%
江西省 宜春市
50%
江西省 井冈山市
50%
山东省 荣成市
50%
湖南省 益阳市
50%
四川省 阆中市
50%
新疆维吾尔自治区 博乐市
50%
浙江省 临安区
44%
浙江省 桐乡市
44%
浙江省 江山市
44%
山东省 龙口市
44%
山东省 莱州市
44%
山东省 海阳市
44%
山东省 寿光市
44%
山东省 邹城市
44%
山东省 乳山市
44%
河南省 新郑市
44%
河南省 登封市
44%
湖北省 利川市
44%
湖南省 浏阳市
44%
广东省 南海区
44%
贵州省 兴义市
44%
陕西省 韩城市
44%
甘肃省 合作市
44%
内蒙古自治区 霍林郭勒市
39%
浙江省 富阳区
39%
浙江省 兰溪市
39%
浙江省 温岭市
39%
浙江省 临海市
39%
山东省 诸城市
39%
广东省 开平市
39%
广西壮族自治区 桂平市
39%
广西壮族自治区 凭祥市
39%
贵州省 赤水市
39%
贵州省 都匀市
39%
河北省 遵化市
33%
山西省 永济市
33%
吉林省 敦化市
33%
黑龙江省 绥芬河市
33%
浙江省 诸暨市
33%
山东省 招远市
33%
山东省 栖霞市
33%
山东省 文登区
33%
湖北省 钟祥市
33%
湖北省 赤壁市
33%
辽宁省 庄河市
28%
辽宁省 兴城市
28%
吉林省 集安市
28%
黑龙江省 阿城区
28%
浙江省 奉化区
28%
山东省 章丘区
28%
河南省 长葛市
28%
河南省 灵宝市
28%
湖南省 韶山市
28%
湖南省 资兴市
28%
四川省 崇州市
28%
四川省 华蓥市
28%
辽宁省 凤城市
22%
辽宁省 开原市
22%
黑龙江省 虎林市
22%
黑龙江省 海林市
22%
江苏省 金坛区
22%
福建省 长乐区
22%
山东省 新泰市
22%
河南省 巩义市
22%
广东省 阳春市
22%
海南省 琼山区
22%
四川省 江油市
22%
河北省 武安市
17%
吉林省 蛟河市
17%
黑龙江省 铁力市
17%
广西壮族自治区 宜州区
17%
四川省 邛崃市
17%
新疆维吾尔自治区 阜康市
17%
吉林省 桦甸市
11%
福建省 永安市
11%
河南省 舞钢市
11%
河南省 汝州市
11%
河南省 沁阳市
11%
河南省 禹州市
11%
No matching quizzes found
Score Distribution
Percent of People with Each Score
Percentile by Number Answered
Your Score History
You have not taken this quiz